|
|
|
|
| LEADER |
00000nam a22000007a 4500 |
| 005 |
20140604004843.0 |
| 007 |
cr|||| |||| |
| 008 |
140604s2014 es |||||s|||| 00||0 spa d |
| 020 |
|
|
|a 978-84-9031-915-4
|
| 035 |
|
|
|a 12196
|
| 040 |
|
|
|a vLex
|
| 090 |
|
|
|c 5000
|d 5000
|
| 100 |
1 |
|
|a Moure Pino, Ana Mara̕
|
| 245 |
1 |
3 |
|a El ombudsman:
|h [Recurso electrn̤ico] :
|b Un estudio de derecho comparado con especial referencia a Chile /
|c Ana Mara̕ Moure Pino
|
| 256 |
|
|
|a Servicio en ln̕ea
|
| 260 |
|
|
|a Madrid:
|b Dykinson,
|c 2014
|
| 300 |
|
|
|a 1 recurso electrn̤ico
|
| 506 |
1 |
|
|a Disponible solo en los productos indicados
|d vLex Global
|d vLex Global (Academic Edition, excluding Law Schools)
|d vLex Global (U.S. Academic Edition, Law Schools)
|d vLex Global (U.S. Academic Edition, excluding Law Schools)
|d vLex Global (Academic Edition, Law Schools)
|
| 650 |
0 |
4 |
|a Defensor del Pueblo
|z Espaą
|
| 740 |
0 |
|
|a vLex Libros (Servicio en ln̕ea)
|
| 856 |
4 |
0 |
|u http://vlex.com/source/ombudsman-estudio-derecho-comparado-especial-referencia-chile-12196
|z Acceso restringido
|
| 942 |
|
|
|c BOOK
|
| 999 |
0 |
|
|a Ombudsman
|